Nsuk journal of banking and finance research (Record no. 38585)

MARC details
000 -LEADER
fixed length control field 00417nam a2200157Ia 4500
022 ## - INTERNATIONAL STANDARD SERIAL NUMBER
ISSN 24085200
050 ## - CALL MARK
Classification number HG 1 .NN78/
245 #0 - TITLE STATEMENT
Title Nsuk journal of banking and finance research
260 ## - PUBLICATION, DISTRIBUTION, ETC. (IMPRINT)
Place of publication Nasarawa State
260 ## - PUBLICATION, DISTRIBUTION, ETC. (IMPRINT)
Name of publisher Department of Banking & Finance NSUK
260 ## - PUBLICATION, DISTRIBUTION, ETC. (IMPRINT)
Year of publication 2015
300 ## - PHYSICAL DESCRIPTION
Number of Pages v, 172 p. : ill. ; 30 cm.
942 ## - ADDED ENTRY ELEMENTS (KOHA)
Koha item type Serials

No items available.